00633nam a2200169Ia 4500008004000000020001800040082001700058100002900075245004300104260005300147300001000200650002100210690002900231906001100260999001900271952017300290210210b2000 xxu||||| |||| 00| 0 eng d a81 269 0309 0 a820.309 MOHS aMOHAN (T M J Indra). ed. aShashi Deshpande: A critical spectrum. aN DbAtlantic Publishers And Distributors.c2000 ax,214 aShashi Deshpande aIndian English Criticism a060475 c107580d107580 001040708EnglishaALbALcEnglish Literatured2021-02-17eHigginbothams (P) Ltd., Mangalore 01.g450.00l0o820.309 MOHSp060475r2021-02-17 00:00:00w2021-02-17yBK